000 00350nam a22001457a 4500
003 OSt
005 20240112122115.0
008 240112b |||||||| |||| 00| 0 eng d
040 _cIIMT UNIVERSITY
100 _aPADDOHAR, HANUPRASAD
245 _aEK MAHATMA KA PRASAD
260 _aGORAKHPUR
_bGEETA PRESS
_cS.2049
300 _a246
942 _2ddc
_c09
999 _c57975
_d57975